Normal view
MARC view
Entry Personal Name
001 - CONTROL NUMBER
- control field: 55383
003 - CONTROL NUMBER IDENTIFIER
- control field: dpl
005 - DATE AND TIME OF LATEST TRANSACTION
- control field: 20230828120807.0
008 - FIXED-LENGTH DATA ELEMENTS
- fixed length control field: 230828|| aca||aabn | a|a d
040 ## - CATALOGING SOURCE
- Original cataloging agency: dpl
- Transcribing agency: dpl
100 ## - HEADING--PERSONAL NAME
- Personal name: गायत्री
670 ## - SOURCE DATA FOUND
- Source citation: Work cat.: (dpl)197577: अमृत लाल 'गुर्वेन्द्र' 55380, प्रयोजनमूलक हिंदी /, 2023
